000
00209 a2200097 4500
001
960
100
_a
Libby,C.C.
245
_a
Motor selection and application
260
_a
_b
Mcgraw-Hill
_c
090
_c
550
_d
550
942
_a
NUST-CAE
_c
M
_c
31934
999
_c
236033
_d
236033